Bhasa's Ramayana plays: (Record no. 511925)

000 -LEADER
fixed length control field 00385nam a22001337a 4500
020 ## - INTERNATIONAL STANDARD BOOK NUMBER
International Standard Book Number 9789382396604
082 ## - DEWEY DECIMAL CLASSIFICATION NUMBER
Classification number A382x54 C357
100 ## - MAIN ENTRY--PERSONAL NAME
Personal name Champaklal, Mahesh
9 (RLIN) 12427
245 ## - TITLE STATEMENT
Title Bhasa's Ramayana plays:
Remainder of title from page to stage
Statement of responsibility, etc by Mahesh Champaklal
260 ## - PUBLICATION, DISTRIBUTION, ETC. (IMPRINT)
Place of publication, distribution, etc Shimla
Name of publisher, distributor, etc Indian Institute of Advanced Study
Date of publication, distribution, etc 2018
300 ## - PHYSICAL DESCRIPTION
Extent 632[.
650 ## - SUBJECT ADDED ENTRY--TOPICAL TERM
Topical term or geographic name as entry element Bhasa
9 (RLIN) 15123
650 ## - SUBJECT ADDED ENTRY--TOPICAL TERM
Topical term or geographic name as entry element Drama
9 (RLIN) 15124
Holdings
Withdrawn status Lost status Source of classification or shelving scheme Damaged status Koha normalized classification for sorting Not for loan Permanent location Current location Date acquired Full call number Barcode Date last seen Price effective from Koha item type
        A_382X54_C357   Indian Institute of Public Administration Indian Institute of Public Administration 2019-10-22 A382x54 C357 GR21895 2019-10-22 2019-10-22 GR

Powered by Koha